000 00526nam a22001817a 4500
999 _c162917
_d162917
005 20190323163813.0
010 _aENG-124922
020 _c195.00
_a9789350578124
035 _aEN-108454
037 _bDBAD/PUB
082 _a153.42076
100 _aAggarwal, Varinder
245 _aBoost brainpower/
_bby Varinder Aggarwal
260 _aNew Delhi
_bV&S Publishers
_c2017
270 _aF-2/16, Ansari Road, Daryaganj
_bNew Delhi
_e110002
300 _a76p.
_c21cm(pbk)
942 _2ddc
_cEN
_mAGG
_h153.42076